[Event "40th ECC Open 2025"]
[Site "Rhodes GRE"]
[Date "2025.10.21"]
[Round "3.143"]
[White "Carafizi, Vasile"]
[Black "Bergan, Gaute"]
[Result "1-0"]
[WhiteTitle "FM"]
[BlackTitle "CM"]
[WhiteElo "2134"]
[BlackElo "2061"]
[WhiteTeam "De Sprenger Echternach"]
[BlackTeam "SK 1911"]
[WhiteFideId "4002539"]
[BlackFideId "1526014"]
[EventDate "2025.10.19"]
[EventType "team"]

1. d4 d5 2. c4 e6 3. Nc3 Nf6 4. cxd5 exd5 5. Bg5 c6 6. e3 Be7 7. Bd3 O-O 8. Nge2
Nbd7 9. Qc2 h6 10. Bh4 b6 11. O-O Bb7 12. h3 Nh5 13. Bxe7 Qxe7 14. Rfd1 Qg5 15.
Bf5 Rad8 16. Kh2 g6 17. Bd3 c5 18. Ng1 Qe7 19. Nf3 c4 20. Be2 Nhf6 21. b3 Rc8
22. bxc4 dxc4 23. a4 Ne4 24. Nxe4 Bxe4 25. Qa2 Nf6 26. Rac1 c3 27. Ne5 Bd5 28.
Qb1 Ne4 29. Bf3 Nd2 30. Qb5 Bxf3 31. gxf3 Qh4 32. Qe2 Nb3 33. Rc2 Qe7 34. Qd3
Nc5 35. Qb5 Ne6 36. Qb3 Ng5 37. f4 Ne6 38. Rg1 Kh7 39. Rxc3 Qh4 40. Rxc8 Rxc8
41. Qd3 Qf6 42. Ng4 Qe7 43. d5 Qd6 44. Nf6+ Kh8 45. Ne4 Qd8 46. Rd1 Ng7 47. Qd4
f5 48. Nf6 Rc2 49. Kg1 g5 50. d6 g4 51. Nh5 1-0

[Event "40th ECC Open 2025"]
[Site "Rhodes GRE"]
[Date "2025.10.21"]
[Round "3.144"]
[White "Hellerud, Lauritz Nissen"]
[Black "Gnichtel, Gerd"]
[Result "0-1"]
[WhiteElo "1993"]
[BlackElo "2130"]
[WhiteTeam "SK 1911"]
[BlackTeam "De Sprenger Echternach"]
[WhiteFideId "1570528"]
[BlackFideId "4637127"]
[EventDate "2025.10.19"]
[EventType "team"]

1. e4 c5 2. Nf3 Nc6 3. d4 cxd4 4. Nxd4 Nf6 5. Nc3 e5 6. Ndb5 d6 7. Bg5 a6 8. Na3
b5 9. Nd5 Be7 10. Bxf6 Bxf6 11. c4 b4 12. Nc2 a5 13. h4 O-O 14. g3 Be6 15. Qd3
Bxd5 16. cxd5 Nd4 17. Nxd4 exd4 18. Bh3 Qe7 19. O-O Rfe8 20. f3 Qe5 21. Kg2 g6
22. Rac1 Bg7 23. Rf2 Bh6 24. Rc7 Be3 25. Rfc2 h5 26. R2c6 g5 27. hxg5 Qxg5 28.
f4 Bxf4 29. Qf3 d3 30. Qxd3 h4 31. Rc4 Qxg3+ 32. Qxg3+ hxg3 33. Kf3 Be5 34. b3
Kg7 35. Be6 Rf8 36. Rd7 Kf6 37. Bf5 Rh8 38. Rcc7 Raf8 39. Rc2 Rh2 40. Rdc7 Rg8
41. Rg2 Rxg2 42. Kxg2 Rh8 43. Bh3 Rh4 44. Rc4 Rf4 45. Kxg3 Rxe4+ 46. Kf3 Rxc4
47. bxc4 a4 48. Bd7 b3 49. axb3 a3 0-1

[Event "40th ECC Open 2025"]
[Site "Rhodes GRE"]
[Date "2025.10.21"]
[Round "3.145"]
[White "Koykka, Pekka"]
[Black "Feuerstack, Aljoscha"]
[Result "0-1"]
[WhiteTitle "IM"]
[BlackTitle "IM"]
[WhiteElo "2343"]
[BlackElo "2452"]
[WhiteTeam "Tammer-Shakki"]
[BlackTeam "FC St. Pauli"]
[WhiteFideId "504319"]
[BlackFideId "4681932"]
[EventDate "2025.10.19"]
[EventType "team"]

1. e4 c5 2. Nf3 e6 3. d4 cxd4 4. Nxd4 Nc6 5. Nc3 Bc5 6. Nb3 Bb4 7. Qf3 Nf6 8. a3
Bxc3+ 9. Qxc3 O-O 10. Bd3 d5 11. exd5 Nxd5 12. Qd2 e5 13. O-O b6 14. Qe2 Be6 15.
Bb5 Nde7 16. Bg5 Qc7 17. Rfe1 f6 18. Bd2 Kh8 19. Rac1 Bf7 20. Be3 Rad8 21. Qf3
Bd5 22. Qh5 Qb7 23. Bf1 Bf7 24. Qh3 Qd7 25. Qxd7 Rxd7 26. Bb5 Rfd8 27. f4 Rd6
28. fxe5 Nxe5 29. Bf4 N7g6 30. Bg3 h5 31. Be2 h4 32. Bf2 Bxb3 33. cxb3 Nf4 34.
Rc2 Rd2 35. Rxd2 Rxd2 36. Kf1 Ned3 37. Be3 Rxb2 38. Rd1 Rxb3 39. Bf3 Rxa3 40.
Be4 g6 41. g3 hxg3 42. hxg3 f5 43. Bd4+ Kh7 44. Bc6 Nh5 45. Bb5 Nxg3+ 46. Kg2
Nf4+ 47. Kh2 Nge2 48. Bxe2 Rh3+ 49. Kg1 Nxe2+ 50. Kg2 Nf4+ 51. Kf2 Rd3 0-1

[Event "40th ECC Open 2025"]
[Site "Rhodes GRE"]
[Date "2025.10.21"]
[Round "3.146"]
[White "Krause, Benedict"]
[Black "Ahvenjarvi, Jani"]
[Result "1/2-1/2"]
[WhiteTitle "IM"]
[BlackTitle "FM"]
[WhiteElo "2419"]
[BlackElo "2330"]
[WhiteTeam "FC St. Pauli"]
[BlackTeam "Tammer-Shakki"]
[WhiteFideId "12917990"]
[BlackFideId "507571"]
[EventDate "2025.10.19"]
[EventType "team"]

1. e4 e5 2. Nf3 Nc6 3. d4 exd4 4. Bc4 Bc5 5. c3 Nf6 6. cxd4 Bb4+ 7. Nbd2 Nxe4 8.
d5 Ne7 9. O-O Nxd2 10. Nxd2 Bxd2 11. Bxd2 d6 12. Bc3 O-O 13. Re1 c5 14. dxc6
bxc6 15. Qf3 Be6 16. Bd3 Nd5 17. Bd2 Qf6 18. Qxf6 Nxf6 19. b4 c5 20. Ba6 Nd5 21.
Bb7 Rab8 22. Bxd5 Bxd5 23. Bf4 Rxb4 24. Bxd6 Rc8 25. Rac1 Rc4 26. Rxc4 Bxc4 27.
Bxc5 Bxa2 28. Bxa7 h6 29. h3 Rc6 30. Bd4 Rg6 31. Re3 Bd5 32. Rg3 Rxg3 1/2-1/2

[Event "40th ECC Open 2025"]
[Site "Rhodes GRE"]
[Date "2025.10.21"]
[Round "3.147"]
[White "Penttinen, Jarkko"]
[Black "Ertan, Can"]
[Result "0-1"]
[WhiteTitle "FM"]
[BlackTitle "IM"]
[WhiteElo "2226"]
[BlackElo "2351"]
[WhiteTeam "Tammer-Shakki"]
[BlackTeam "FC St. Pauli"]
[WhiteFideId "501743"]
[BlackFideId "6306330"]
[EventDate "2025.10.19"]
[EventType "team"]

1. Nf3 Nf6 2. c4 e6 3. Nc3 d5 4. e3 Bd6 5. b3 O-O 6. Bb2 c6 7. d4 Nbd7 8. Qc2
Qe7 9. Bd3 dxc4 10. bxc4 e5 11. O-O Re8 12. Ne4 Nxe4 13. Bxe4 g6 14. dxe5 Nxe5
15. Nxe5 Bxe5 16. Bxe5 Qxe5 17. Bf3 Qc5 18. Rac1 Rd8 19. Qb3 Rb8 20. Rc3 Be6 21.
Qc2 Rd7 22. Rd1 Rxd1+ 23. Bxd1 Rd8 24. Be2 Bf5 25. Qc1 Qa5 26. a3 c5 27. Bf3 Rd6
28. Rb3 Qd8 29. Bd5 Be4 30. Rxb7 Bxd5 31. cxd5 Rxd5 32. Rb1 Rd3 33. h3 Qc7 34.
Rb4 a5 35. Rd4 Rb3 36. g3 Kg7 37. Kh2 Qe5 38. Rc4 Rb2 39. Rc2 Rxc2 40. Qxc2 h5
41. Qc4 Qb2 42. Qxc5 Qxf2+ 43. Kh1 Qxg3 44. Qd4+ Kh6 45. Qh8+ Kg5 46. Qd8+ f6
47. Qxa5+ Kh4 48. Qd2 Kxh3 49. a4 Qf3+ 50. Kg1 Qg4+ 51. Kh1 Qe4+ 52. Kg1 Qb1+
53. Kf2 g5 54. e4 Qxe4 55. Qc3+ Kg4 56. Qg3+ Kf5 57. Qh3+ Kg6 58. Qb3 Qd4+ 59.
Kg2 Qd2+ 60. Kf1 h4 61. Qg8+ Kf5 62. Qc8+ Ke5 63. Qe8+ Kf4 64. Qb8+ Kg4 65. Qb5
h3 66. Qc4+ Kg3 67. Qb3+ Kh4 68. Qf3 Qc1+ 69. Kf2 Qb2+ 70. Kf1 Qa1+ 71. Ke2 Qe5+
72. Kf2 g4 73. Qd3 g3+ 74. Kf1 g2+ 0-1

[Event "40th ECC Open 2025"]
[Site "Rhodes GRE"]
[Date "2025.10.21"]
[Round "3.148"]
[White "Krause, Jonah"]
[Black "Ponnio, Toni"]
[Result "1-0"]
[WhiteTitle "FM"]
[WhiteElo "2350"]
[BlackElo "2101"]
[WhiteTeam "FC St. Pauli"]
[BlackTeam "Tammer-Shakki"]
[WhiteFideId "12907910"]
[BlackFideId "509604"]
[EventDate "2025.10.19"]
[EventType "team"]

1. d4 Nf6 2. c4 c5 3. d5 b5 4. cxb5 a6 5. e3 g6 6. Nc3 Bg7 7. a4 O-O 8. e4 d6 9.
Nf3 axb5 10. Bxb5 Ba6 11. Bxa6 Nxa6 12. O-O Qb6 13. Qe2 Rfb8 14. Ra3 Nc7 15. Rd1
Qa6 16. Qc2 Rb4 17. h3 Nd7 18. b3 c4 19. Nb5 cxb3 20. Qxc7 b2 21. Bxb2 Bxb2 22.
Qxd7 Bxa3 23. Nxa3 Rxa4 24. Nb5 Rxe4 25. Nbd4 Qa2 26. Qb7 Qa4 27. Qb1 Rf4 28.
Qd3 Qa3 29. Qe2 Ra4 30. g3 Rfxd4 31. Nxd4 Rxd4 32. Rxd4 1-0

[Event "40th ECC Open 2025"]
[Site "Rhodes GRE"]
[Date "2025.10.21"]
[Round "3.149"]
[White "Iivonen, Markku"]
[Black "Sawatzki, Frank"]
[Result "0-1"]
[BlackTitle "FM"]
[WhiteElo "2065"]
[BlackElo "2337"]
[WhiteTeam "Tammer-Shakki"]
[BlackTeam "FC St. Pauli"]
[WhiteFideId "506940"]
[BlackFideId "4613600"]
[EventDate "2025.10.19"]
[EventType "team"]

1. d4 c5 2. d5 Nf6 3. c4 d6 4. Nc3 g6 5. e4 Bg7 6. Bd3 e6 7. Bg5 h6 8. Bh4 exd5
9. exd5 O-O 10. Nge2 Re8 11. O-O Nbd7 12. f4 Qb6 13. Qd2 Nf8 14. h3 N6h7 15. f5
g5 16. Bg3 Nf6 17. Nb5 Rd8 18. h4 N8h7 19. Rae1 a6 20. Nbc3 Re8 21. Bh2 Bd7 22.
Ng3 Rxe1 23. Rxe1 Ng4 24. Nge4 Bd4+ 25. Kh1 Nxh2 26. Kxh2 Qd8 27. g4 b5 28. b3
b4 29. Ne2 Be5+ 30. Kh3 a5 31. Ng1 a4 32. Nf3 Bf4 33. Qb2 axb3 34. axb3 Ra3 35.
hxg5 hxg5 36. Ra1 Qf8 37. Rxa3 bxa3 38. Qxa3 Bxf5 39. gxf5 Qh6+ 40. Kg4 Qh1 41.
Qa8+ Kg7 42. f6+ Nxf6+ 43. Nxf6 Qg2+ 44. Kf5 Qh3+ 45. Ke4 Kxf6 46. Qd8+ Kg6 47.
Nh4+ Qxh4 0-1

[Event "40th ECC Open 2025"]
[Site "Rhodes GRE"]
[Date "2025.10.21"]
[Round "3.150"]
[White "Eberle, Triona"]
[Black "Sorvari, Jarmo"]
[Result "1-0"]
[WhiteElo "2008"]
[BlackElo "2055"]
[WhiteTeam "FC St. Pauli"]
[BlackTeam "Tammer-Shakki"]
[WhiteFideId "34627731"]
[BlackFideId "509671"]
[EventDate "2025.10.19"]
[EventType "team"]

1. e4 c5 2. Nf3 d6 3. d4 cxd4 4. Nxd4 Nf6 5. Nc3 a6 6. Be3 e5 7. Nb3 Be6 8. Qd2
Be7 9. f3 O-O 10. O-O-O a5 11. a4 Nc6 12. Kb1 Nb4 13. g4 Rc8 14. g5 Nh5 15. Na1
f6 16. h4 fxg5 17. hxg5 g6 18. Nd5 Nxd5 19. exd5 Bd7 20. Bd3 Nf4 21. Bxf4 Rxf4
22. Rxh7 Bxg5 23. Qh2 Rh4 24. Rxh4 Bxh4 25. Bxg6 Qf6 26. Rg1 Kf8 27. Bd3 Qf4 28.
Qxf4+ exf4 29. Rg6 Ke7 30. Rg7+ Kd8 31. Rxd7+ Kxd7 32. Bf5+ Kc7 33. Bxc8 Kxc8
34. Nb3 b6 35. Kc1 Kd7 36. Kd2 Ke7 37. Kd3 Bf2 38. Ke4 Be3 39. Nd4 Kf6 40. Nf5 1-0

[Event "40th ECC Open 2025"]
[Site "Rhodes GRE"]
[Date "2025.10.21"]
[Round "3.151"]
[White "Petkidis, Anthony"]
[Black "Ledger, Andrew J"]
[Result "1/2-1/2"]
[WhiteTitle "IM"]
[BlackTitle "IM"]
[WhiteElo "2464"]
[BlackElo "2308"]
[WhiteTeam "HSK Lister Turm"]
[BlackTeam "Blackthorne"]
[WhiteFideId "24673390"]
[BlackFideId "400610"]
[EventDate "2025.10.19"]
[EventType "team"]

1. e4 e5 2. Nf3 Nf6 3. Nxe5 d6 4. Nd3 Nxe4 5. Qe2 Qe7 6. Nf4 Nf6 7. d4 Qxe2+ 8.
Bxe2 Bf5 9. c3 Nbd7 10. f3 h5 11. Kf2 d5 12. Nd2 Bd6 13. Nf1 h4 14. Rg1 O-O-O
15. Bd3 Bxd3 16. Nxd3 Rde8 17. g4 hxg3+ 18. hxg3 c6 19. Be3 g6 20. a4 Nh5 21. b3
Ng7 22. Bd2 Nf5 23. a5 Rh3 24. Nf4 Rhh8 25. Nd3 Rh3 26. Nf4 Rhh8 27. g4 Ng7 28.
Ng3 Ne6 29. Nxe6 fxe6 30. Rh1 e5 31. Ne2 Rhf8 32. Rh6 Re6 33. Kg2 e4 34. f4 e3
35. Be1 Bxf4 36. Nxf4 Rxf4 37. Rh8+ Rf8 38. Rxf8+ Nxf8 39. Kf3 Re4 40. Bh4 Ne6
41. Re1 Rf4+ 1/2-1/2

[Event "40th ECC Open 2025"]
[Site "Rhodes GRE"]
[Date "2025.10.21"]
[Round "3.152"]
[White "Bates, Richard A"]
[Black "Knuedel, Torben"]
[Result "1/2-1/2"]
[WhiteTitle "IM"]
[BlackTitle "FM"]
[WhiteElo "2282"]
[BlackElo "2382"]
[WhiteTeam "Blackthorne"]
[BlackTeam "HSK Lister Turm"]
[WhiteFideId "403555"]
[BlackFideId "16208820"]
[EventDate "2025.10.19"]
[EventType "team"]

1. d4 Nf6 2. Nf3 e6 3. c4 d5 4. g3 Bb4+ 5. Bd2 a5 6. Bg2 O-O 7. O-O dxc4 8. Qc2
Bxd2 9. Nbxd2 b5 10. a4 c6 11. b3 cxb3 12. Nxb3 Ba6 13. Rfd1 bxa4 14. Nc5 Bb5
15. Ne5 Qd6 16. Nxa4 Nbd7 17. Nxd7 Nxd7 18. Nc3 Ra6 19. d5 Qe5 20. dxe6 Qxe6 21.
Nxb5 cxb5 22. Qd3 Nf6 23. Qxb5 a4 24. e4 a3 25. e5 Ng4 26. h3 Rb6 27. Qe2 Nxe5
28. Rxa3 Qf6 29. Re3 Nc6 30. Bxc6 Qxc6 31. Qf3 1/2-1/2

[Event "40th ECC Open 2025"]
[Site "Rhodes GRE"]
[Date "2025.10.21"]
[Round "3.153"]
[White "Hoerstmann, Martin"]
[Black "Webb, Laurence E"]
[Result "1/2-1/2"]
[WhiteTitle "FM"]
[BlackTitle "FM"]
[WhiteElo "2282"]
[BlackElo "2170"]
[WhiteTeam "HSK Lister Turm"]
[BlackTeam "Blackthorne"]
[WhiteFideId "4602730"]
[BlackFideId "402389"]
[EventDate "2025.10.19"]
[EventType "team"]

1. d4 Nf6 2. c4 e6 3. Nf3 Bb4+ 4. Nbd2 O-O 5. a3 Be7 6. e4 d6 7. Be2 c5 8. d5
Re8 9. Qc2 Nbd7 10. Nf1 Bf8 11. Ng3 exd5 12. cxd5 b5 13. O-O a6 14. b4 Ra7 15.
Bd2 g6 16. h3 Bg7 17. Rac1 Rc7 18. Rfe1 Nb6 19. Bf1 Nfd7 20. Be3 Na4 21. Bd4 Ne5
22. Nxe5 Bxe5 23. Bxe5 dxe5 24. bxc5 Rxc5 25. Qd2 Qd6 26. Qb4 Bd7 27. Rxc5 Qxc5
28. Qxc5 Nxc5 29. Rc1 Rc8 30. Be2 Kf8 31. Kf1 Ke7 32. Rc3 Nb7 33. Rxc8 Bxc8 34.
Ke1 Kd6 35. Kd2 Kc5 36. Bd3 Nd6 37. Kc3 f5 38. f3 a5 39. Ne2 f4 40. Nc1 g5 41.
Be2 Nb7 42. Nd3+ Kd6 43. Kb3 Nc5+ 44. Nxc5 Kxc5 45. Kc3 Bd7 46. Bf1 Kd6 47. Bd3
h5 48. Be2 Kc5 49. Bf1 b4+ 50. axb4+ axb4+ 51. Kb3 g4 52. hxg4 hxg4 53. Be2 g3
54. Ba6 Bh3 55. Bf1 Bc8 56. Bc4 Bd7 57. Bf1 Be8 58. Ba6 Bh5 59. Bf1 Be8 60. Ba6
Bd7 61. Bf1 Bc8 62. Bc4 Bd7 63. Bf1 1/2-1/2

[Event "40th ECC Open 2025"]
[Site "Rhodes GRE"]
[Date "2025.10.21"]
[Round "3.154"]
[White "Ledger, Dave J"]
[Black "Gentemann, Moritz"]
[Result "0-1"]
[WhiteTitle "FM"]
[WhiteElo "2138"]
[BlackElo "2244"]
[WhiteTeam "Blackthorne"]
[BlackTeam "HSK Lister Turm"]
[WhiteFideId "401986"]
[BlackFideId "4688007"]
[EventDate "2025.10.19"]
[EventType "team"]

1. e4 c5 2. Nf3 d6 3. d4 cxd4 4. Nxd4 Nf6 5. Nc3 a6 6. Bc4 e6 7. a4 Be7 8. Be3
O-O 9. O-O Qc7 10. Qe2 Nc6 11. Rfd1 Bd7 12. Nxc6 Bxc6 13. f3 Rac8 14. Bb3 Qa5
15. Qf2 Nd7 16. Nd5 Bxd5 17. exd5 e5 18. c3 Qd8 19. f4 Bf6 20. Bc2 exf4 21. Bxf4
Ne5 22. h3 g6 23. Rf1 Bg7 24. g4 Qc7 25. Rae1 b5 26. axb5 axb5 27. Re4 Qb7 28.
Ra1 Qxd5 29. Rd1 Qc6 30. Rb4 d5 31. Bxe5 Bxe5 32. Qe2 Bd6 33. Rxb5 Bc5+ 34. Kg2
Rfe8 35. Qf1 d4+ 36. Kh2 Re3 37. Rxc5 Qxc5 38. Bb3 Qe5+ 39. Kg1 Qg3+ 0-1

[Event "40th ECC Open 2025"]
[Site "Rhodes GRE"]
[Date "2025.10.21"]
[Round "3.155"]
[White "Nechitaylo, Nikita"]
[Black "Duncan, Chris R"]
[Result "0-1"]
[WhiteTitle "FM"]
[BlackTitle "FM"]
[WhiteElo "2238"]
[BlackElo "2183"]
[WhiteTeam "HSK Lister Turm"]
[BlackTeam "Blackthorne"]
[WhiteFideId "34138161"]
[BlackFideId "403091"]
[EventDate "2025.10.19"]
[EventType "team"]

1. e4 c5 2. Nf3 d6 3. d4 cxd4 4. Nxd4 Nf6 5. Nc3 Nc6 6. Bc4 Qb6 7. Be3 Qxb2 8.
Ndb5 Qb4 9. Bd3 Qa5 10. Rb1 e6 11. Rb3 Be7 12. Ra3 Qd8 13. Nxa7 Bd7 14. Nxc6
Bxc6 15. Bb6 Qc8 16. Rxa8 Qxa8 17. O-O O-O 18. Re1 Rc8 19. Qd2 Qa3 20. Rb1 d5
21. Rb3 Qd6 22. exd5 Nxd5 23. Nxd5 Qxd5 24. f3 Ra8 25. c4 Qe5 26. f4 Bc5+ 27.
Kf1 Qd6 28. g3 g6 29. Bxc5 Qxc5 30. Rb2 Qd4 31. Qe2 Rd8 32. Rb3 h5 33. Qf2 Qa1+
34. Rb1 Qc3 35. Rb3 Qa1+ 36. Rb1 Qf6 37. Qe2 h4 38. Be4 Qc3 39. Bxc6 bxc6 40.
gxh4 Rd2 41. Qe4 Qh3+ 42. Ke1 Qxh2 43. Qf3 Rg2 44. Rb8+ Kh7 45. Qf1 Rg1 0-1

[Event "40th ECC Open 2025"]
[Site "Rhodes GRE"]
[Date "2025.10.21"]
[Round "3.156"]
[White "Ledger, Stephen C"]
[Black "Hoerstmann, Rudi"]
[Result "1-0"]
[WhiteTitle "CM"]
[WhiteElo "2030"]
[BlackElo "2223"]
[WhiteTeam "Blackthorne"]
[BlackTeam "HSK Lister Turm"]
[WhiteFideId "404470"]
[BlackFideId "4604075"]
[EventDate "2025.10.19"]
[EventType "team"]

1. b3 g6 2. Bb2 Nf6 3. e3 Bg7 4. c4 c5 5. Nf3 O-O 6. Be2 Nc6 7. d4 d5 8. Nbd2
Qa5 9. O-O Rd8 10. Qc1 cxd4 11. Nxd4 Bd7 12. cxd5 Nxd5 13. Nc4 Qc7 14. Nxc6 Bxc6
15. Bxg7 Kxg7 16. Qb2+ f6 17. Rac1 b6 18. Bf3 Nb4 19. Bxc6 Nxc6 20. Rfd1 Rxd1+
21. Rxd1 Rd8 22. Qe2 b5 23. Na3 Rxd1+ 24. Qxd1 Qa5 25. Qc1 Nb4 26. g3 a6 27. Qc5
Qxa3 28. Qxe7+ Kh6 29. Qf8+ Kh5 30. Qc5+ g5 31. Kg2 a5 32. Qf5 Kh6 33. Qxf6+ Kh5
34. h3 g4 35. hxg4+ Kxg4 36. f3+ Kh5 37. g4# 1-0

[Event "40th ECC Open 2025"]
[Site "Rhodes GRE"]
[Date "2025.10.22"]
[Round "4.37"]
[White "Giri, Anish"]
[Black "Fedoseev, Vladimir3"]
[Result "1/2-1/2"]
[WhiteTitle "GM"]
[BlackTitle "GM"]
[WhiteElo "2759"]
[BlackElo "2720"]
[WhiteTeam "BayeganPendik chess sports"]
[BlackTeam "Tuxera Aquaprofit Nagykanizsai Sakk Klub"]
[WhiteFideId "24116068"]
[BlackFideId "24130737"]
[EventDate "2025.10.19"]
[EventType "team"]

1. c4 e6 2. Nc3 d5 3. d4 c5 4. cxd5 exd5 5. Nf3 cxd4 6. Nxd4 Nf6 7. Bg5 Be7 8.
e3 O-O 9. Bb5 Bd7 10. Qa4 Na6 11. Bxd7 Nc5 12. Qc2 Qxd7 13. Nf5 Rac8 14. Rd1
Nce4 15. Bxf6 Nxf6 16. Nxe7+ Qxe7 17. O-O Qe5 18. Qe2 Rc5 19. Rd4 Ne4 20. Nxe4
dxe4 21. Rfd1 g6 22. b4 Rc7 23. a4 b6 24. g3 Re8 25. Kg2 Kg7 26. a5 bxa5 27. Rd5
Qf6 28. Rxa5 Re6 29. Rd4 a6 30. Rc5 Rb7 31. h4 h5 32. Rc8 Rb5 33. Rc5 Rbb6 34.
Rcc4 Qf5 35. Rc5 Re5 36. Rxe5 Qxe5 37. Qc2 Re6 38. Kg1 Qf5 39. Qb2 Qf6 40. Qc2
Qf5 41. Qb2 Qf6 42. Qc2 Qf5 1/2-1/2

[Event "40th ECC Open 2025"]
[Site "Rhodes GRE"]
[Date "2025.10.22"]
[Round "4.38"]
[White "Eljanov, Pavel"]
[Black "Mamedyarov, Shakhriyar"]
[Result "1-0"]
[WhiteTitle "GM"]
[BlackTitle "GM"]
[WhiteElo "2657"]
[BlackElo "2742"]
[WhiteTeam "Tuxera Aquaprofit Nagykanizsai Sakk Klub"]
[BlackTeam "BayeganPendik chess sports"]
[WhiteFideId "14102951"]
[BlackFideId "13401319"]
[EventDate "2025.10.19"]
[EventType "team"]

1. d4 d5 2. c4 c6 3. cxd5 cxd5 4. Bf4 Nc6 5. e3 Nf6 6. Bd3 Bg4 7. f3 Bd7 8. Nc3
e6 9. g4 Be7 10. Nge2 Rc8 11. Kf2 O-O 12. h4 Ne8 13. g5 f5 14. Rc1 Nd6 15. b3
Qa5 16. h5 Nb4 17. a4 Nxd3+ 18. Qxd3 Rc6 19. g6 h6 20. Na2 Rfc8 21. Rxc6 Rxc6
22. Rc1 Ne8 23. Rxc6 Bxc6 24. Qc2 Qd8 25. Kg2 Nf6 26. Ng3 Nd7 27. Nc1 Bh4 28.
Nce2 Be7 29. Nc1 Bh4 30. Nce2 Be7 31. Kh3 a6 32. Nc1 Bh4 33. Nd3 Be7 34. Qc3 Nf6
35. Be5 Nd7 36. Ne2 Bg5 37. Nef4 Nxe5 38. Nxe5 Bxf4 39. exf4 Qd6 40. Qa5 Be8 41.
Qc3 Bc6 42. Kg3 Kf8 43. Kf2 Ke7 44. Ke3 Be8 45. Qc8 Qb6 46. Qc5+ Qd6 47. Qa7 Qc7
48. Nd3 Bd7 49. Kd2 Be8 50. Qc5+ Qd6 51. Qc8 Qb6 52. Nc5 Qb4+ 53. Ke2 Qxd4 54.
Qc7+ 1-0

[Event "40th ECC Open 2025"]
[Site "Rhodes GRE"]
[Date "2025.10.22"]
[Round "4.39"]
[White "Rapport, Richard"]
[Black "Gledura, Benjamin"]
[Result "1-0"]
[WhiteTitle "GM"]
[BlackTitle "GM"]
[WhiteElo "2724"]
[BlackElo "2643"]
[WhiteTeam "BayeganPendik chess sports"]
[BlackTeam "Tuxera Aquaprofit Nagykanizsai Sakk Klub"]
[WhiteFideId "738590"]
[BlackFideId "712779"]
[EventDate "2025.10.19"]
[EventType "team"]

1. e4 c5 2. c3 d5 3. exd5 Qxd5 4. Nf3 g6 5. d4 Bg7 6. Nbd2 cxd4 7. Bc4 Qd8 8.
Nxd4 Nh6 9. O-O O-O 10. N2f3 Qc7 11. Qe2 a6 12. Re1 Nc6 13. Nxc6 Qxc6 14. Ne5
Qf6 15. Bxh6 Bxh6 16. Nxf7 Rxf7 17. Qxe7 Qxf2+ 18. Kh1 Bf8 19. Qe4 Qf5 20. Qd4
b5 21. Bb3 Qc5 22. Qxc5 Bxc5 23. Rf1 Ra7 24. Rxf7 Rxf7 25. Rf1 1-0

[Event "40th ECC Open 2025"]
[Site "Rhodes GRE"]
[Date "2025.10.22"]
[Round "4.40"]
[White "Volokitin, Andrei"]
[Black "Nihal, Sarin"]
[Result "1/2-1/2"]
[WhiteTitle "GM"]
[BlackTitle "GM"]
[WhiteElo "2617"]
[BlackElo "2700"]
[WhiteTeam "Tuxera Aquaprofit Nagykanizsai Sakk Klub"]
[BlackTeam "BayeganPendik chess sports"]
[WhiteFideId "14107090"]
[BlackFideId "25092340"]
[EventDate "2025.10.19"]
[EventType "team"]

1. e4 e5 2. Nf3 Nc6 3. Bb5 Nf6 4. O-O Nxe4 5. Re1 Nd6 6. Nxe5 Be7 7. Bf1 Nxe5 8.
Rxe5 O-O 9. d4 Bf6 10. Re1 Re8 11. c3 Rxe1 12. Qxe1 Ne8 13. Bf4 d5 14. Bd3 g6
15. Nd2 Ng7 16. Qe2 c6 17. Re1 Bf5 18. Bxf5 Nxf5 19. Nf3 Ng7 20. Be5 Ne6 21.
Bxf6 Qxf6 22. Ne5 Re8 23. Ng4 Qd8 24. Qe5 Ng7 25. Qxe8+ Nxe8 26. Rxe8+ Qxe8 27.
Nf6+ Kf8 28. Nxe8 Kxe8 29. f4 f5 30. Kf2 Ke7 1/2-1/2

[Event "40th ECC Open 2025"]
[Site "Rhodes GRE"]
[Date "2025.10.22"]
[Round "4.41"]
[White "Alekseenko, Kirill"]
[Black "Yuffa, Daniil"]
[Result "1/2-1/2"]
[WhiteTitle "GM"]
[BlackTitle "GM"]
[WhiteElo "2679"]
[BlackElo "2621"]
[WhiteTeam "BayeganPendik chess sports"]
[BlackTeam "Tuxera Aquaprofit Nagykanizsai Sakk Klub"]
[WhiteFideId "4135539"]
[BlackFideId "24131423"]
[EventDate "2025.10.19"]
[EventType "team"]

1. e4 c5 2. Nf3 d6 3. d4 cxd4 4. Nxd4 Nf6 5. Nc3 a6 6. Be2 e5 7. Nb3 Be7 8. Be3
Be6 9. Nd5 Nbd7 10. Qd3 O-O 11. O-O Bxd5 12. exd5 b5 13. a4 Qc7 14. Rfd1 Rfb8
15. axb5 axb5 16. Rxa8 Rxa8 17. c3 Rb8 18. Ra1 Nc5 19. Nxc5 dxc5 20. b3 c4 21.
bxc4 bxc4 22. Qxc4 Qxc4 23. Bxc4 Rc8 24. Bb3 Rxc3 25. Ra8+ Bf8 26. Ba2 Ne4 27.
Kf1 Ra3 28. Rxa3 Bxa3 29. f3 Bc5 30. Bc1 Nd6 31. Ke2 1/2-1/2

[Event "40th ECC Open 2025"]
[Site "Rhodes GRE"]
[Date "2025.10.22"]
[Round "4.42"]
[White "Samunenkov, Ihor"]
[Black "Murzin, Volodar"]
[Result "1/2-1/2"]
[WhiteTitle "GM"]
[BlackTitle "GM"]
[WhiteElo "2568"]
[BlackElo "2664"]
[WhiteTeam "Tuxera Aquaprofit Nagykanizsai Sakk Klub"]
[BlackTeam "BayeganPendik chess sports"]
[WhiteFideId "14187086"]
[BlackFideId "44155573"]
[EventDate "2025.10.19"]
[EventType "team"]

1. e4 c5 2. Nf3 d6 3. Bb5+ Nd7 4. Ba4 Nf6 5. O-O a6 6. c4 e6 7. Nc3 Be7 8. d4
cxd4 9. Nxd4 Qc7 10. Qe2 O-O 11. Bd2 Ne5 12. Bb3 Bd7 13. Nc2 Rfc8 14. Na3 Nc6
15. Ba4 Be8 16. Rac1 Nd7 17. Be3 Bf6 18. Rfd1 Nc5 19. Bxc6 Bxc6 20. Bd4 Be7 21.
Qg4 Bf8 22. Nc2 Na4 23. Nxa4 Bxa4 24. b3 Bd7 25. Qg3 e5 26. Bb2 b5 27. Ne3 Qb7
28. Nd5 bxc4 29. Bxe5 dxe5 30. Nf6+ Kh8 31. Nxd7 cxb3 32. Rxc8 Rxc8 33. Qxb3
Qxb3 34. axb3 Kg8 35. Nxe5 Re8 36. Nd7 Rxe4 37. Nxf8 Kxf8 38. Kf1 Rb4 39. Rd6
Rxb3 40. Rxa6 Rb1+ 1/2-1/2